000 00472nam a22001817a 4500
005 20260423133309.0
008 260423b |||||||| |||| 00| 0 eng d
020 _a9789381714508
_c695.00
040 _aMAIN
041 _aEnglish
082 _a620.5
_bANA
100 _a Anand, Rishabh E.
_926709
245 _aEssentials Of Nanotechnology
260 _aNew Delhi
_bMedTech Science Press
_c2014
300 _a237
650 _aCommerce (PM USHA)
_926705
942 _cBK
999 _c60705
_d60705